| 000 | 01119cam a2200277 4500 | ||
|---|---|---|---|
| 001 | 3607635 | ||
| 005 | 20060324170128.0 | ||
| 008 | 700309s1970 mdu |db 001 0 eng d | ||
| 010 |
_a 72104780 _z 77016133 |
||
| 020 | _a0801811031 | ||
| 040 |
_aDLC _cDLC _dDLC _dOCoLC |
||
| 043 | _an-us--- | ||
| 050 | 0 | 0 |
_aE840 _b.A615 |
| 082 | 0 | 0 |
_a327.73 _222 _bAME |
| 245 | 0 | 0 |
_aAmerica and the World: _bfrom the Truman doctrine to Vietnam/ _cRobert E. Osgood... [et al.] |
| 260 |
_aBaltimore: _bJohns Hopkins Press, 1970 _c1970 |
||
| 300 |
_aix, 434 p.; _c23 cm. |
||
| 500 | _aDonated by: Alaa Abdel Ghany | ||
| 504 | _aIncludes bibliographical references and index | ||
| 651 | 0 |
_aUnited States _xForeign relations _y1945-1989. _910611 |
|
| 651 | 0 |
_aSoviet Union _xForeign relations _y1945-1991. _910612 |
|
| 700 | 1 |
_aOsgood, Robert Endicott. _910613 |
|
| 830 | 0 |
_aAmerica and the world (Baltimore) _vv. 1. _910614 |
|
| 942 |
_2ddc _cBB |
||
| 999 |
_c13193 _d13193 |
||